000 01145cam a22003013a 4500
001 21959
003 PGUSA
005 20140828083451.0
008 070628s2007||||xxu|||||s|||||000 1 eng d
040 _aPGUSA
_beng
042 _adc
050 4 _aPS
100 1 _aLorimer, George Horace,
_d1869-1937
245 1 0 _aLetters from a Self-Made Merchant to His Son :
_bBeing the Letters written by John Graham, Head of the House of Graham and Company, Pork-Packers in Chicago, familiarly known on 'Change as "Old Gorgon Graham," to his Son, Pierrepont, facetiously known to his intimates as "Piggy."
_h[electronic resource] /
_cGeorge Horace Lorimer
260 _bProject Gutenberg,
_c2007
506 _aPublic domain in the USA.
516 _aElectronic text
653 _aMerchants -- Fiction
653 _aDidactic fiction
653 _aMen -- Conduct of life -- Fiction
653 _aChicago (Ill.) -- Fiction
653 _aFathers and sons -- Fiction
653 _aEpistolary fiction
653 _aSocial ethics -- Fiction
830 0 _aProject Gutenberg
_v21959
856 4 0 _uhttp://www.gutenberg.org/ebooks/21959
942 _cEB
999 _c251214
_d251214